|
|
|
|
| LEADER |
01501nam a2200421 a 4500 |
| 001 |
nkc20122430183 |
| 003 |
CZ PrNK |
| 005 |
20130517133647.0 |
| 007 |
ta |
| 008 |
121218s2012 xr a g 000 p cze |
| 015 |
|
|
|a cnb002430183
|
| 020 |
|
|
|a 978-80-7323-240-5
|q (váz.)
|
| 035 |
|
|
|a (OCoLC)842343273
|
| 040 |
|
|
|a BOA001
|b cze
|d ABA001
|
| 041 |
1 |
|
|a cze
|a nor
|h nor
|
| 072 |
|
7 |
|a 821.11
|x Germánské literatury
|2 Konspekt
|9 25
|
| 080 |
|
|
|a 821.113.5-1
|2 MRF
|
| 080 |
|
|
|a (0:82.-1)
|2 MRF
|
| 080 |
|
|
|a (0.027)=030
|2 MRF
|
| 100 |
1 |
|
|a Børli, Hans,
|d 1918-1989
|7 pna2012731965
|4 aut
|
| 245 |
1 |
0 |
|a Cesta lesy /
|c Hans Børli ; přeložil Petr Uhlíř
|
| 260 |
|
|
|a [Tišnov] :
|b Sursum,
|c 2012
|
| 300 |
|
|
|a 127 s. :
|b barev. il. ;
|c 21 cm
|
| 500 |
|
|
|a Přeloženo z norštiny
|
| 500 |
|
|
|a "Kniha je součástí projektu PROstor SVĚtlu"--Tiráž
|
| 546 |
|
|
|a Souběžný norský text
|
| 655 |
|
7 |
|a norská poezie
|7 fd183163
|2 czenas
|
| 655 |
|
7 |
|a dvojjazyčná vydání
|7 fd194533
|2 czenas
|
| 655 |
|
9 |
|a Norwegian poetry
|2 eczenas
|
| 655 |
|
9 |
|a bilingual editions
|2 eczenas
|
| 700 |
1 |
|
|a Uhlíř, Petr,
|d 1962-
|7 xx0145398
|4 trl
|
| 710 |
2 |
|
|a Prostor Světlu (projekt)
|7 mzk2012738807
|
| 910 |
2 |
|
|a BOA001
|b 2-1296.166
|
| 990 |
|
|
|a BK
|
| 995 |
|
|
|a 01
|
| 991 |
|
|
|b 201301
|e b
|
| 996 |
6 |
|
|b 2610533064
|c 2-1296.166
|l MZK
|r Sklad / do 1 hodiny
|n 0
|p p.v.
|w 001303448
|u 000010
|a 1
|e BOA001
|j MZK50
|s P
|
| 996 |
7 |
|
|b 2610533065
|c 2-1296.166
|l MZK
|r Sklad / do 1 hodiny
|n 5
|p p.v.
|w 001303448
|u 000020
|a 1
|e BOA001
|j MZK50
|s A
|